000 00478nam a2200205Ia 4500
008 170918s9999 xx 000 0 und d
020 _a9780545289993
050 _bM554 2011
100 _aMercer, Sienna
245 _aLucky break /
245 _cby Sienna Mercer.
260 _aNew York :
260 _bScholastic,
260 _c2011
300 _a193 pages :
300 _billustrations ;
300 _c19cm.
300 _eMy sister the vampire.
500 _a720
999 _c344228
_d344228